000 00434nam a2200169Ia 4500
001 27586
003 IN-NITTTR
005 20251114233343.0
008 251113s9999||||xx |||||||||||||| ||eng||
040 _beng
040 _cIN-NITTTR
041 _aeng
082 _a624.15136 K132D
100 _aKaniraj, Shenbaga R.
245 0 _aDesign aids in soil mechanics and foundation engineering /
_cKaniraj, Shenbaga R.
942 _2ddc
_cBK
999 _c30214
_d30214